[Event "FIDE World Blitz 2014"]
[Site "Dubai UAE"]
[Date "2014.06.20"]
[Round "16.40"]
[White "Ganguly, Surya Shekhar"]
[Black "Aleksandrov, Aleksej"]
[Result "1-0"]
[WhiteTitle "GM"]
[BlackTitle "GM"]
[WhiteElo "2619"]
[BlackElo "2554"]
[WhiteFideId "5002150"]
[BlackFideId "13500139"]
[EventDate "2014.06.19"]

1. e4 e5 2. Nf3 Nc6 3. Bc4 Bc5 4. b4 Bxb4 5. c3 Ba5 6. d4 d6 7. Qb3 Qd7 8. O-O
Bb6 9. Nbd2 Na5 10. Qc2 Nxc4 11. Nxc4 exd4 12. cxd4 Ne7 13. a4 c6 14. e5 dxe5
15. Nfxe5 Qd8 16. Ba3 O-O 17. Rfe1 Be6 18. Rad1 Bc7 19. Nxf7 Rxf7 20. Rxe6 Nf5
21. Qe4 Qd7 22. d5 cxd5 23. Rxd5 Qxa4 24. g3 g6 25. Bb2 Ng7 26. Re7 Re8 27. Rxf7
Rxe4 28. Rxg7+ Kf8 29. Rxc7 Re7 30. Ba3 Qxa3 31. Rc8+ 1-0

[Event "FIDE World Blitz 2014"]
[Site "Dubai UAE"]
[Date "2014.06.20"]
[Round "16.43"]
[White "Moiseenko, Alexander"]
[Black "Glek, Igor"]
[Result "1-0"]
[WhiteTitle "GM"]
[BlackTitle "GM"]
[WhiteElo "2707"]
[BlackElo "2438"]
[WhiteFideId "14102560"]
[BlackFideId "4100484"]
[EventDate "2014.06.19"]

1. d4 e6 2. Nf3 f5 3. g3 Nf6 4. Bg2 Be7 5. O-O O-O 6. c4 d6 7. Nc3 Ne4 8. Qc2
Nxc3 9. Qxc3 a5 10. Re1 Bf6 11. e4 fxe4 12. Rxe4 Nc6 13. h4 h6 14. c5 e5 15.
cxd6 cxd6 16. Qb3+ Kh8 17. dxe5 Bxe5 18. Nxe5 dxe5 19. Be3 Bf5 20. Qxb7 Nd4 21.
Rxe5 Rb8 22. Qd5 Qxd5 23. Rxd5 Nc2 24. Rf1 Rxb2 25. Bc5 Rf6 26. a3 Be6 27. Rd8+
Kh7 28. h5 Ra2 29. Rb1 g5 30. Rb7+ Rf7 31. Rxf7+ Bxf7 32. Rd7 Ra1+ 33. Kh2 Kg8
34. Be4 Nxa3 35. Rd8+ Kg7 36. Bd4# 1-0

[Event "FIDE World Blitz 2014"]
[Site "Dubai UAE"]
[Date "2014.06.20"]
[Round "16.44"]
[White "Shyam, Sundar M."]
[Black "Durarbayli, Vasif"]
[Result "0-1"]
[WhiteTitle "GM"]
[BlackTitle "GM"]
[WhiteElo "2468"]
[BlackElo "2590"]
[WhiteFideId "5019141"]
[BlackFideId "13402935"]
[EventDate "2014.06.19"]

1. Nf3 c5 2. g3 Nc6 3. Bg2 g6 4. O-O Bg7 5. c4 e6 6. Nc3 Nge7 7. b3 O-O 8. Bb2
b6 9. Rc1 Bb7 10. a3 d5 11. d3 Qd7 12. Qc2 d4 13. Na2 a5 14. e4 dxe3 15. Bxg7
exf2+ 16. Rxf2 Kxg7 17. Qb2+ f6 18. Bh3 Nf5 19. Re1 Ncd4 20. Nd2 Rae8 21. Nc1
Nc6 22. Ne4 Qd4 23. Qd2 Ne5 24. Bg2 Bxe4 25. Rxe4 Qd6 26. Rfe2 Rd8 27. Qb2 Nd4
28. Re1 Ndf3+ 29. Bxf3 Nxf3+ 0-1

[Event "FIDE World Blitz 2014"]
[Site "Dubai UAE"]
[Date "2014.06.20"]
[Round "16.45"]
[White "Debashis, Das"]
[Black "Fier, Alexandr"]
[Result "0-1"]
[WhiteTitle "GM"]
[BlackTitle "GM"]
[WhiteElo "2484"]
[BlackElo "2580"]
[WhiteFideId "5024854"]
[BlackFideId "2107139"]
[EventDate "2014.06.19"]

1. d4 d5 2. c4 e6 3. Nc3 c6 4. e3 Bd6 5. Nf3 f5 6. Bd3 Nf6 7. O-O O-O 8. b3 Qe7
9. Bb2 b6 10. Qc1 Bb7 11. a4 Nbd7 12. Ba3 c5 13. cxd5 Nxd5 14. Nb5 Bb8 15. dxc5
bxc5 16. Be2 Qf6 17. h3 a6 18. Bb2 Qg6 19. Nc3 Nb4 20. Na2 Nd3 21. Qd2 N7e5 22.
Nh4 Qg5 23. Bxd3 Nf3+ 24. Nxf3 Bxf3 25. g3 Bxg3 26. Rfc1 Bh2+ 0-1

[Event "FIDE World Blitz 2014"]
[Site "Dubai UAE"]
[Date "2014.06.20"]
[Round "16.46"]
[White "Al Qudaimi, Basheer"]
[Black "Tkachiev, Vladislav"]
[Result "1/2-1/2"]
[WhiteTitle "IM"]
[BlackTitle "GM"]
[WhiteElo "2396"]
[BlackElo "2625"]
[WhiteFideId "9400346"]
[BlackFideId "618438"]
[EventDate "2014.06.19"]

1. e4 d6 2. d4 g6 3. Bd3 Bg7 4. Ne2 Nc6 5. O-O e5 6. Bb5 exd4 7. Nxd4 Bd7 8.
Nxc6 bxc6 9. Bc4 Nf6 10. Nc3 O-O 11. Bg5 h6 12. Bh4 Re8 13. Qd3 Be6 14. Rad1 Qb8
15. Bb3 Nd7 16. f4 Nc5 17. Qf3 Bxb3 18. axb3 Bxc3 19. bxc3 Nxe4 20. c4 Qb6+ 21.
Kh1 f5 22. g4 Qc5 23. Rg1 Kf7 24. b4 fxg4 25. Rxg4 Qf5 26. Rdg1 Re6 27. Be1 Rae8
28. b5 cxb5 29. cxb5 Qd5 30. R4g2 Qf5 31. c4 Kg7 32. h4 Rf8 33. h5 Qxf4 34.
Rxg6+ Rxg6 35. Rxg6+ Kh7 36. Qxf4 Rxf4 37. Ba5 Rf5 38. Re6 Rxh5+ 39. Kg2 Rg5+
40. Kf3 Nc5 41. Re7+ Rg7 42. Rxg7+ Kxg7 43. Bxc7 Nb7 44. Bb8 Kf6 45. Bxa7 Ke5
46. Ke3 h5 47. Bd4+ Kf5 48. Kf3 h4 49. Bf2 h3 50. Kg3 Ke4 51. Kxh3 Kd3 52. Bg3
Kxc4 53. Bxd6 1/2-1/2

[Event "FIDE World Blitz 2014"]
[Site "Dubai UAE"]
[Date "2014.06.20"]
[Round "16.47"]
[White "Nezad, Husein Aziz"]
[Black "Georgiev, Kiril"]
[Result "0-1"]
[WhiteTitle "IM"]
[BlackTitle "GM"]
[WhiteElo "2365"]
[BlackElo "2644"]
[WhiteFideId "12100293"]
[BlackFideId "2900017"]
[EventDate "2014.06.19"]

1. e4 g6 2. d4 Bg7 3. Nf3 d6 4. Bc4 Nf6 5. Qe2 O-O 6. O-O c6 7. Bb3 a5 8. a3 Qc7
9. e5 dxe5 10. dxe5 Nd5 11. c4 a4 12. Bc2 Nb6 13. Bf4 Bg4 14. Nbd2 N8d7 15. h3
Bxf3 16. Nxf3 Nc5 17. Rfe1 Rfd8 18. Rac1 Nbd7 19. Qe3 Ne6 20. Bh6 Qb6 21. Bxg7
Qxe3 22. Rxe3 Kxg7 23. Rd1 Nb6 24. Rc3 Rxd1+ 25. Bxd1 Rd8 26. Be2 Nc5 27. Kf1 h6
28. Ke1 g5 29. Rc2 Kg6 30. g4 f6 31. Rd2 Re8 32. Bd1 Nxc4 33. Re2 Nxb2 34. Bc2+
Kg7 35. exf6+ Kxf6 36. Kd2 Nc4+ 37. Kc3 Nxa3 38. Bf5 e6 39. Kb4 b6 40. Kxa3 Rd8
41. Bc2 b5 42. Ne5 Rd6 43. Kb4 Nb7 44. Nf3 Rd7 45. Be4 Rc7 46. Rd2 Ke7 47. Ne5
c5+ 48. Kxb5 Nd6+ 49. Kxa4 Nxe4 50. Rc2 Kd6 51. Nc4+ Kd5 52. Ne3+ Ke5 53. Kb5
Nd6+ 54. Kb6 Rc8 55. Rd2 c4 56. Rc2 c3 57. Ka5 Nc4+ 58. Nxc4+ Rxc4 59. Kb5 Kd4
60. Rc1 c2 0-1

[Event "FIDE World Blitz 2014"]
[Site "Dubai UAE"]
[Date "2014.06.20"]
[Round "16.48"]
[White "AlHuwar, Jasem"]
[Black "Lenic, Luka"]
[Result "0-1"]
[WhiteTitle "FM"]
[BlackTitle "GM"]
[WhiteElo "2277"]
[BlackElo "2659"]
[WhiteFideId "9300465"]
[BlackFideId "14603853"]
[EventDate "2014.06.19"]

1. Nf3 d5 2. g3 c6 3. Bg2 Nf6 4. O-O Bg4 5. c4 e6 6. d3 Nbd7 7. cxd5 exd5 8. h3
Bxf3 9. Bxf3 Bc5 10. Nc3 O-O 11. Bg2 d4 12. Nb1 Re8 13. a3 Qe7 14. b4 Bd6 15.
Ra2 a5 16. b5 cxb5 17. Bxb7 Rab8 18. Bg2 a4 19. Re1 h6 20. e3 dxe3 21. Rxe3 Qd8
22. Rxe8+ Qxe8 23. Nc3 Nc5 24. Ne4 Nfxe4 25. dxe4 Bf8 26. Qe2 Nb3 27. Be3 Rc8
28. Kh2 Bc5 29. Bf4 Bd4 30. Qg4 Qe6 31. Qh5 Rc5 32. Qe2 g5 33. Bd2 Qf6 34. Bb4
Rc4 35. Qf1 Kg7 36. f4 Rc1 37. Qe2 Bg1+ 38. Kh1 Qb6 39. Bf3 Bh2+ 0-1

[Event "FIDE World Blitz 2014"]
[Site "Dubai UAE"]
[Date "2014.06.20"]
[Round "16.49"]
[White "Michalik, Peter"]
[Black "Faisal, Abdulla"]
[Result "0-1"]
[WhiteTitle "GM"]
[BlackTitle "CM"]
[WhiteElo "2557"]
[BlackElo "2270"]
[WhiteFideId "14907526"]
[BlackFideId "9301232"]
[EventDate "2014.06.19"]

1. d4 Nf6 2. c4 e6 3. Nc3 Bb4 4. Nf3 O-O 5. Bg5 c5 6. e3 h6 7. Bh4 b6 8. Bd3 Bb7
9. O-O cxd4 10. exd4 d5 11. cxd5 exd5 12. Ne5 Be7 13. Re1 Nc6 14. Bc2 Re8 15. a3
Nh7 16. Qf3 Nxe5 17. Qf5 Ng6 18. Bg3 Rc8 19. h4 Ngf8 20. Re3 Nf6 21. Rae1 Bc6
22. Be5 Qd7 23. Qd3 Ne4 24. Rg3 f6 25. Bf4 Nxg3 26. Qxg3 Kh8 27. Re3 Rcd8 28.
Ne2 Bd6 29. Rxe8 Qxe8 30. Bxd6 Qxe2 31. Bd3 Qe6 32. Bb4 Qd7 33. Qf4 Bb5 34. Bf5
Qe8 35. Qg3 a5 36. Bd2 Bd7 37. Bd3 Bb5 38. Bf5 Bd7 39. Bd3 Rc8 40. Bf4 Bb5 41.
Bf5 Bd7 42. Bd3 Ne6 43. Be3 Nf8 44. Bf4 Be6 45. Bd6 Bf7 46. Bf4 Bg6 47. Ba6 Rc2
48. Bd6 Kg8 49. Bb7 Bf7 50. Bf4 Qe1+ 51. Kh2 Qxf2 52. Qg4 Ng6 53. Bg3 Qxg2# 0-1

[Event "FIDE World Blitz 2014"]
[Site "Dubai UAE"]
[Date "2014.06.20"]
[Round "16.50"]
[White "Vakhidov, Jahongir"]
[Black "Al-Hajiri, Bader"]
[Result "1-0"]
[WhiteTitle "IM"]
[WhiteElo "2471"]
[BlackElo "2095"]
[WhiteFideId "14201801"]
[BlackFideId "10300163"]
[EventDate "2014.06.19"]

1. d4 d5 2. c4 c6 3. cxd5 cxd5 4. Bf4 Nc6 5. e3 a6 6. Nc3 Nf6 7. Be2 Bf5 8. Nf3
e6 9. Qb3 Bb4 10. Ne5 Rc8 11. Nxc6 Bxc3+ 12. bxc3 Rxc6 13. Qxb7 Rxc3 14. Qb4 Rc2
15. Bxa6 Nd7 16. O-O f6 17. Rfc1 Rxc1+ 18. Rxc1 Kf7 19. Rc8 Qxc8 20. Bxc8 Rxc8
21. h3 e5 22. Bg3 g5 23. dxe5 fxe5 24. Qd6 Be6 25. Bxe5 Nxe5 26. Qxe5 h6 27. a4 1-0

[Event "FIDE World Blitz 2014"]
[Site "Dubai UAE"]
[Date "2014.06.20"]
[Round "16.51"]
[White "Othman, A. Moussa"]
[Black "Goloshchapov, Alexander"]
[Result "0-1"]
[WhiteTitle "FM"]
[BlackTitle "GM"]
[WhiteElo "2275"]
[BlackElo "2586"]
[WhiteFideId "9300155"]
[BlackFideId "14103222"]
[EventDate "2014.06.19"]

1. Nf3 d5 2. g3 c6 3. Bg2 Bg4 4. d3 Nd7 5. Nbd2 e5 6. c4 d4 7. O-O Ngf6 8. b4
Be7 9. Rb1 O-O 10. b5 c5 11. h3 Bh5 12. Ne1 Qc7 13. a4 Rae8 14. a5 Qc8 15. b6 a6
16. Ne4 Nxe4 17. Bxe4 f5 18. Bd5+ Kh8 19. Kh2 Nf6 20. Bf3 Bg6 21. Bg5 Bd6 22. e3
e4 23. dxe4 Nxe4 24. Bf4 Bxf4 25. exf4 Nc3 26. Qc2 Nxb1 27. Qxb1 Bf7 28. Qc2 Qe6
29. Bxb7 Qxc4 30. Qxc4 Bxc4 31. Rg1 Re2 32. Nf3 Rxf2+ 33. Kh1 d3 34. Ne5 Bb5 35.
Rd1 c4 36. Bd5 c3 37. b7 g6 38. Kg1 c2 0-1

[Event "FIDE World Blitz 2014"]
[Site "Dubai UAE"]
[Date "2014.06.20"]
[Round "17.1"]
[White "Nepomniachtchi, Ian"]
[Black "Yudin, Sergei"]
[Result "1-0"]
[WhiteTitle "GM"]
[BlackTitle "GM"]
[WhiteElo "2730"]
[BlackElo "2546"]
[WhiteFideId "4168119"]
[BlackFideId "4159659"]
[EventDate "2014.06.19"]

1. e4 d6 2. d4 Nf6 3. Nc3 e5 4. Nf3 Nbd7 5. Be2 c6 6. a4 a5 7. O-O Be7 8. Re1
O-O 9. h3 Re8 10. Bf1 Qc7 11. b3 exd4 12. Nxd4 Bf8 13. Bb2 Nc5 14. Qf3 Bd7 15.
Rad1 Rad8 16. Nf5 Bxf5 17. Qxf5 Re5 18. Qf3 Rde8 19. Bd3 d5 20. Qg3 Bd6 21. f4
dxe4 22. fxe5 Bxe5 23. Qf2 b6 24. Be2 Bg3 25. Qf1 e3 26. Bf3 Bf2+ 27. Kh1 h5 28.
Re2 Qg3 29. Rxf2 exf2 30. Ne2 Qh4 31. Bxf6 gxf6 32. g3 Qg5 33. Qxf2 Qf5 34. Nf4 1-0

[Event "FIDE World Blitz 2014"]
[Site "Dubai UAE"]
[Date "2014.06.20"]
[Round "17.7"]
[White "Meier, Georg"]
[Black "Korobov, Anton"]
[Result "0-1"]
[WhiteTitle "GM"]
[BlackTitle "GM"]
[WhiteElo "2632"]
[BlackElo "2680"]
[WhiteFideId "4675789"]
[BlackFideId "14105730"]
[EventDate "2014.06.19"]

1. Nf3 Nf6 2. g3 g6 3. Bg2 Bg7 4. O-O O-O 5. d4 Nc6 6. b3 d6 7. Bb2 Rb8 8. Re1
e5 9. dxe5 Ng4 10. Qd2 Ngxe5 11. c4 Bg4 12. h3 Bxf3 13. exf3 Qf6 14. Nc3 Nxf3+
15. Bxf3 Qxf3 16. Nd5 Ne5 17. Re3 Qh5 18. f4 Nf3+ 19. Rxf3 Qxf3 0-1

[Event "FIDE World Blitz 2014"]
[Site "Dubai UAE"]
[Date "2014.06.20"]
[Round "17.8"]
[White "Wojtaszek, Radoslaw"]
[Black "Eljanov, Pavel"]
[Result "1/2-1/2"]
[WhiteTitle "GM"]
[BlackTitle "GM"]
[WhiteElo "2715"]
[BlackElo "2723"]
[WhiteFideId "1118358"]
[BlackFideId "14102951"]
[EventDate "2014.06.19"]

1. d4 Nf6 2. c4 e6 3. Nf3 b6 4. a3 Bb7 5. Nc3 d5 6. cxd5 Nxd5 7. Qc2 Be7 8. e4
Nxc3 9. bxc3 O-O 10. Bd3 c5 11. O-O cxd4 12. cxd4 Qc8 13. Qe2 Ba6 14. Bg5 Bxg5
15. Nxg5 h6 16. Nf3 Bxd3 17. Qxd3 Qa6 18. Qe3 Nd7 19. d5 exd5 20. exd5 Rfe8 21.
Qf4 Rad8 22. Nd4 Nf6 23. Nf5 Rxd5 24. Nxh6+ Kf8 25. Nf5 Re4 26. Qb8+ Re8 27. Qf4
Re4 28. Qb8+ Re8 29. Qf4 Re4 1/2-1/2

[Event "FIDE World Blitz 2014"]
[Site "Dubai UAE"]
[Date "2014.06.20"]
[Round "17.13"]
[White "Matlakov, Maxim"]
[Black "Sargissian, Gabriel"]
[Result "1-0"]
[WhiteTitle "GM"]
[BlackTitle "GM"]
[WhiteElo "2689"]
[BlackElo "2686"]
[WhiteFideId "4168003"]
[BlackFideId "13300881"]
[EventDate "2014.06.19"]

1. Nf3 Nf6 2. g3 d5 3. Bg2 c6 4. O-O Bg4 5. c4 e6 6. cxd5 Bxf3 7. Bxf3 cxd5 8.
Nc3 Nc6 9. d4 Be7 10. e3 O-O 11. Bd2 Rc8 12. Qe2 Bd6 13. Rfd1 Qe7 14. Be1 Rfd8
15. Rac1 Bb4 16. a3 Bxc3 17. Bxc3 Ne4 18. Bxe4 dxe4 19. d5 exd5 20. Qg4 f6 21.
Rxd5 Rxd5 22. Qxc8+ Rd8 23. Qf5 a6 24. h4 Re8 25. Rd1 Qe6 26. Qc5 Qe7 27. Rd6
Qf7 28. Qf5 Qg6 29. Qd5+ Qf7 30. Qd1 Re6 31. Rd2 Re8 32. Qg4 Qg6 33. Qd7 Qf7 34.
Qf5 Qg6 35. Qc5 Qf7 36. b4 h6 37. a4 Kh7 38. b5 axb5 39. axb5 Ne5 40. Bxe5 Rxe5
41. Qb4 Qe8 42. b6 Rb5 43. Qd6 Qh5 44. Qf4 Qf3 45. Qxf3 exf3 46. g4 Rxb6 47. Kh2
Rb1 48. Kg3 h5 49. gxh5 Rb5 50. Kxf3 Rxh5 51. Rd7 Rb5 52. Kg4 Rb1 53. h5 b5 54.
f4 b4 55. e4 b3 56. Rb7 b2 57. Kf5 Kg8 58. h6 gxh6 59. Kxf6 h5 60. e5 h4 61. e6
h3 62. e7 1-0

[Event "FIDE World Blitz 2014"]
[Site "Dubai UAE"]
[Date "2014.06.20"]
[Round "17.14"]
[White "Anton Guijarro, David"]
[Black "Cheparinov, Ivan"]
[Result "0-1"]
[WhiteTitle "GM"]
[BlackTitle "GM"]
[WhiteElo "2631"]
[BlackElo "2682"]
[WhiteFideId "2285525"]
[BlackFideId "2905540"]
[EventDate "2014.06.19"]

1. d4 Nf6 2. Bg5 d5 3. e3 g6 4. Bxf6 exf6 5. Nf3 c6 6. c4 dxc4 7. Bxc4 Bd6 8.
Nc3 Qe7 9. O-O O-O 10. a3 Nd7 11. b4 f5 12. Qb3 Nb6 13. Bd3 Be6 14. Qc2 a5 15.
bxa5 Rxa5 16. Rfb1 Nd5 17. a4 Rfa8 18. Qb2 Nxc3 19. Qxc3 Rxa4 20. Rxa4 Rxa4 21.
h4 Bd5 22. Bc2 Ra3 23. Bb3 Bxf3 24. gxf3 Qxh4 25. f4 Qe7 26. Qc2 Ra8 27. Bc4 Kg7
28. Qb3 b5 29. Bf1 Rb8 30. Qc3 Rb6 31. Bg2 b4 32. Qc4 Qf6 33. Ra1 h6 34. Rb1 g5
35. fxg5 hxg5 36. Kf1 g4 37. Bxc6 f4 38. e4 f3 39. Ke1 g3 40. fxg3 Bxg3+ 41. Kf1
Rxc6 0-1

[Event "FIDE World Blitz 2014"]
[Site "Dubai UAE"]
[Date "2014.06.20"]
[Round "17.16"]
[White "Bacrot, Etienne"]
[Black "Al-Modiahki, Mohamad"]
[Result "1-0"]
[WhiteTitle "GM"]
[BlackTitle "GM"]
[WhiteElo "2720"]
[BlackElo "2549"]
[WhiteFideId "605506"]
[BlackFideId "12100030"]
[EventDate "2014.06.19"]

1. Nf3 Nf6 2. b3 g6 3. Bb2 Bg7 4. c4 O-O 5. g3 d6 6. Nc3 e5 7. d3 Nc6 8. Bg2 h6
9. O-O Be6 10. d4 exd4 11. Nxd4 Bd7 12. Nd5 Nxd5 13. cxd5 Nxd4 14. Bxd4 Re8 15.
e3 a5 16. Rc1 Be5 17. Qd2 b6 18. Bxe5 Rxe5 19. Rc3 Rc8 20. Rfc1 Bf5 21. Qd4 h5
22. h4 Re7 23. Qf6 Qf8 24. Bf3 Bg4 25. Bxg4 hxg4 26. Qg5 Re5 27. Qxg4 Qd8 28.
Qd4 Qe7 29. Rc4 Qd7 30. e4 Qg4 31. Kg2 Re7 32. Qd3 Rce8 33. Qf3 Qxf3+ 34. Kxf3
Rc8 35. g4 Kf8 36. g5 Ke8 37. Kg4 Kd7 38. f3 Ree8 39. Rh1 Rh8 40. h5 gxh5+ 41.
Rxh5 Rxh5 42. Kxh5 Rh8+ 43. Kg4 Rh2 44. a4 Rg2+ 45. Kf5 Rg1 46. Kf6 Rg3 47. f4
Rxb3 48. Kxf7 1-0

[Event "FIDE World Blitz 2014"]
[Site "Dubai UAE"]
[Date "2014.06.20"]
[Round "17.17"]
[White "Vitiugov, Nikita"]
[Black "Tomashevsky, Evgeny"]
[Result "1/2-1/2"]
[WhiteTitle "GM"]
[BlackTitle "GM"]
[WhiteElo "2742"]
[BlackElo "2695"]
[WhiteFideId "4152956"]
[BlackFideId "4147235"]
[EventDate "2014.06.19"]

1. d4 Nf6 2. Nf3 d5 3. c4 c6 4. cxd5 cxd5 5. Nc3 Nc6 6. Bf4 Bf5 7. e3 e6 8. Bd3
Bxd3 9. Qxd3 Bd6 10. Bxd6 Qxd6 11. O-O O-O 12. Rfc1 Rfc8 13. a3 a6 14. Na4 Nd7
15. Nc5 Nxc5 16. Rxc5 Ne7 17. Rac1 Rxc5 18. Rxc5 Rc8 19. Rxc8+ Nxc8 20. Kf1 Qc7
21. Ne1 Kf8 22. Qc2 Qxc2 23. Nxc2 Nd6 24. Nb4 Nc4 25. Nd3 Nd6 26. Nb4 Nc4 27.
Nd3 Nd6 1/2-1/2

[Event "FIDE World Blitz 2014"]
[Site "Dubai UAE"]
[Date "2014.06.20"]
[Round "17.18"]
[White "Fressinet, Laurent"]
[Black "Andriasian, Zaven"]
[Result "0-1"]
[WhiteTitle "GM"]
[BlackTitle "GM"]
[WhiteElo "2717"]
[BlackElo "2611"]
[WhiteFideId "608742"]
[BlackFideId "13302000"]
[EventDate "2014.06.19"]

1. Nf3 d5 2. g3 Bg4 3. Bg2 Nd7 4. c4 e6 5. cxd5 exd5 6. O-O Ngf6 7. d3 c6 8. h3
Bh5 9. e4 dxe4 10. dxe4 Bc5 11. Nc3 O-O 12. Qc2 Re8 13. Bf4 Bxf3 14. Bxf3 Ne5
15. Be2 Ng6 16. Bd2 Qe7 17. Rae1 h5 18. Kg2 h4 19. g4 Bd4 20. Bd1 Rad8 21. f4
Qd7 22. Bc1 b5 23. Bf3 c5 24. Ne2 Qe7 25. Nxd4 cxd4 26. Qd3 Nd7 27. Qxb5 Nc5 28.
e5 d3 29. Be3 d2 30. Rd1 Nd3 31. Be4 Ne1+ 32. Kh1 Rb8 33. Qe2 Nxe5 34. fxe5 Qxe5
35. Bxd2 Nc2 36. Rf4 g5 37. Bh7+ Kxh7 38. Rxf7+ Kg8 39. Qc4 Qe4+ 40. Qxe4 Rxe4
41. Rf5 Rd8 42. Rxg5+ Kh7 43. Rh5+ Kg8 44. Rg5+ Kh7 45. Rh5+ Kg8 46. Rc5 Ne3 47.
Re1 Rxd2 48. Rc3 Rd1 49. Rxd1 Nxd1 50. Rc8+ Kf7 51. Rc7+ Re7 52. Rc2 Ne3 53. Rc5
Rd7 54. Kg1 Rd2 55. Ra5 Ke6 56. b4 Rg2+ 57. Kh1 Rg3 58. Rxa7 Rxh3+ 59. Kg1 Rg3+
60. Kh1 Nxg4 61. b5 h3 62. Ra8 Nf2+ 63. Kh2 Rg2# 0-1

[Event "FIDE World Blitz 2014"]
[Site "Dubai UAE"]
[Date "2014.06.20"]
[Round "17.20"]
[White "Ringoir, Tanguy"]
[Black "Karjakin, Sergey"]
[Result "0-1"]
[WhiteTitle "IM"]
[BlackTitle "GM"]
[WhiteElo "2506"]
[BlackElo "2771"]
[WhiteFideId "208027"]
[BlackFideId "14109603"]
[EventDate "2014.06.19"]

1. d4 Nf6 2. c4 e6 3. Nc3 Bb4 4. Qc2 d6 5. a3 Bxc3+ 6. Qxc3 Nbd7 7. g3 O-O 8.
Bg2 a5 9. b3 e5 10. Nf3 Re8 11. dxe5 dxe5 12. O-O Qe7 13. Bb2 c6 14. Rfd1 h6 15.
h3 e4 16. Nd4 Ne5 17. Nc2 Ng6 18. Ne3 h5 19. Rd2 a4 20. b4 Be6 21. Rad1 b5 22.
cxb5 cxb5 23. Qc6 Rab8 24. Qd6 Bb3 25. Qxe7 Nxe7 26. Rc1 Ned5 27. Bxf6 Nxf6 28.
Rc5 Rec8 29. Rd6 Rxc5 30. bxc5 Rc8 31. c6 b4 32. Nf5 bxa3 33. Ne7+ Kh7 34. Nxc8
a2 35. Ne7 a1=Q+ 36. Kh2 Qc3 0-1

[Event "FIDE World Blitz 2014"]
[Site "Dubai UAE"]
[Date "2014.06.20"]
[Round "17.22"]
[White "Fedoseev, Vladimir3"]
[Black "Yu, Yangyi"]
[Result "1-0"]
[WhiteTitle "GM"]
[BlackTitle "GM"]
[WhiteElo "2662"]
[BlackElo "2675"]
[WhiteFideId "24130737"]
[BlackFideId "8603820"]
[EventDate "2014.06.19"]

1. e4 c5 2. Nf3 e6 3. d4 cxd4 4. Nxd4 a6 5. Bd3 Nf6 6. O-O Qc7 7. Nd2 Bc5 8.
N4b3 Be7 9. f4 d6 10. Nf3 Nc6 11. c3 O-O 12. Qe2 b6 13. Bd2 Bb7 14. Rae1 Nd7 15.
Nbd4 b5 16. Kh1 Rfe8 17. f5 e5 18. Nc2 Bf8 19. Bg5 f6 20. Bh4 Nb6 21. Ne3 Ne7
22. Ng4 Nd7 23. c4 Bc6 24. Rc1 Qb7 25. Nd2 b4 26. Rf3 Kh8 27. Rh3 Ng8 28. Ne3
Nc5 29. Nd5 Nxd3 30. Rxd3 Rac8 31. Rf1 a5 32. b3 Qf7 33. g4 Ne7 34. g5 fxg5 35.
Bxg5 Nxd5 36. exd5 Bd7 37. Ne4 Bxf5 38. Rdf3 Bxe4 39. Qxe4 Qg6 40. Qxg6 hxg6 41.
Rf7 e4 42. Be3 Kg8 43. Ra7 Ra8 44. Rff7 g5 45. Kg2 Kh7 46. Rxa8 Rxa8 47. Ra7
Rxa7 48. Bxa7 Kg6 49. Bb6 g4 50. Bxa5 Kf5 51. Bxb4 e3 52. Kf1 Ke4 53. Ke2 Be7
54. a4 Bd8 55. a5 Bc7 56. a6 Bb8 57. Bxd6 Ba7 58. Bf8 1-0

[Event "FIDE World Blitz 2014"]
[Site "Dubai UAE"]
[Date "2014.06.20"]
[Round "17.23"]
[White "Svidler, Peter"]
[Black "Ipatov, Alexander"]
[Result "1-0"]
[WhiteTitle "GM"]
[BlackTitle "GM"]
[WhiteElo "2753"]
[BlackElo "2613"]
[WhiteFideId "4102142"]
[BlackFideId "14116731"]
[EventDate "2014.06.19"]

1. Nf3 Nf6 2. c4 b6 3. g3 Bb7 4. Bg2 g6 5. d4 Bg7 6. O-O O-O 7. Re1 e6 8. Nc3
Ne4 9. Bd2 d6 10. Rc1 Nd7 11. d5 Nxc3 12. Bxc3 Bxc3 13. Rxc3 e5 14. Qd2 Kg7 15.
e4 a5 16. h4 Nc5 17. h5 Bc8 18. Nh2 g5 19. f4 h6 20. Rf1 Qe7 21. Qe2 f6 22. Rf2
Bd7 23. Nf1 Rae8 24. Re3 c6 25. dxc6 Bxc6 26. fxg5 fxg5 27. Rxf8 Rxf8 28. Qd1
Qf6 29. Rf3 Qe7 30. Rxf8 Qxf8 31. Qc2 Qa8 32. Qd2 Bxe4 33. Qxd6 Bxg2 34. Qg6+
Kf8 35. Qxh6+ Ke7 36. Ne3 Be4 37. Qxg5+ Kd6 38. Qf6+ Ne6 39. c5+ bxc5 40. Nc4+
Kc7 41. Qxe5+ 1-0

[Event "FIDE World Blitz 2014"]
[Site "Dubai UAE"]
[Date "2014.06.20"]
[Round "17.25"]
[White "Najer, Evgeniy"]
[Black "Volokitin, Andrei"]
[Result "1-0"]
[WhiteTitle "GM"]
[BlackTitle "GM"]
[WhiteElo "2653"]
[BlackElo "2638"]
[WhiteFideId "4118987"]
[BlackFideId "14107090"]
[EventDate "2014.06.19"]

1. e4 c5 2. Nc3 e6 3. Nf3 a6 4. d4 cxd4 5. Nxd4 Qc7 6. Bd3 Nf6 7. O-O d6 8. a4
b6 9. Qe2 Bb7 10. f4 Nbd7 11. Bd2 Be7 12. g4 d5 13. e5 Bc5 14. Be3 Ne4 15. Bxe4
dxe4 16. Bf2 e3 17. Bxe3 Bxd4 18. Bxd4 Qc6 19. Rae1 h5 20. Ne4 Qxe4 21. Qxe4
Bxe4 22. Rxe4 hxg4 23. f5 Rc8 24. fxe6 fxe6 25. c3 Nc5 26. Rxg4 Rc7 27. Rg6 Rh6
28. Rxh6 gxh6 29. Rf6 Nxa4 30. Rxe6+ Re7 31. Rxh6 Nxb2 32. e6 Rc7 1-0

[Event "FIDE World Blitz 2014"]
[Site "Dubai UAE"]
[Date "2014.06.20"]
[Round "17.26"]
[White "Lu, Shanglei"]
[Black "Sokolov, Ivan"]
[Result "1-0"]
[WhiteTitle "GM"]
[BlackTitle "GM"]
[WhiteElo "2546"]
[BlackElo "2650"]
[WhiteFideId "8603332"]
[BlackFideId "14400030"]
[EventDate "2014.06.19"]

1. e4 e5 2. Nc3 Bc5 3. g3 Nf6 4. Bg2 Nc6 5. Nge2 d6 6. h3 h5 7. Na4 Be6 8. d3
Qe7 9. Bg5 O-O-O 10. c4 Bd4 11. Rb1 Qd7 12. b4 Rde8 13. b5 Ne7 14. Qd2 Ng6 15.
f4 Kb8 16. f5 Bxf5 17. exf5 Qxf5 18. Rf1 Qe6 19. Nxd4 exd4+ 20. Kd1 Nd7 21. Kc2
Nge5 22. Rbe1 f6 23. Bf4 g5 24. Bxe5 Nxe5 25. Qf2 Rhf8 26. Qf5 Qg8 27. Nb2 g4
28. h4 Re7 29. a4 Rfe8 30. a5 Nxc4 31. Rxe7 Na3+ 32. Kd2 Rxe7 33. Qd5 Qc8 34.
Rxf6 Re5 35. Qb3 Nxb5 36. a6 c6 37. Nc4 Qe8 38. Nxe5 Qxe5 39. Rf8+ Kc7 40. Rf7+
Kd8 41. Rf8+ Kc7 42. Qf7+ Kb6 43. Qxb7+ Ka5 44. Be4 Qxg3 45. Qxc6 Qh2+ 46. Ke1
Qg1+ 47. Kd2 Qe3+ 48. Kc2 Qe2+ 49. Kb3 Qd1+ 50. Qc2 Qe1 51. Qa2+ Kb6 52. Rb8+
Kc5 53. Rxb5+ Kxb5 54. Qa4+ Kb6 55. Qc6+ Ka5 56. Qa4+ Kb6 57. Qxd4+ Kxa6 58.
Qxd6+ Ka5 59. Qc5+ Ka6 60. Qc6+ Ka5 61. Qc7+ Kb5 62. Qb7+ Kc5 63. Qxa7+ Kd6 64.
Qd4+ Ke7 65. Qb4+ Qxb4+ 66. Kxb4 1-0